Hollay Keresztély orgonaestje
Elmentve itt :
| Szerző: | |
|---|---|
| Dokumentumtípus: | Cikk |
| Megjelent: |
1987-08-04
|
| Sorozat: | Délmagyarország
77 No. 182 |
| Kulcsszavak: | zeneélet |
| Online Access: | http://dmarchiv.bibl.u-szeged.hu/97363 |
| LEADER | 00455nab a2200157 i 4500 | ||
|---|---|---|---|
| 001 | delm97363 | ||
| 005 | 20190917154839.0 | ||
| 008 | 190917s1987 hu o 0|| hun d | ||
| 040 | |a SZTE Délmagyarország Archívum |b hun | ||
| 041 | |a hun | ||
| 100 | 1 | |a Meszlényi László | |
| 245 | 1 | 0 | |a Hollay Keresztély orgonaestje |h [elektronikus dokumentum] / |c Meszlényi László |
| 260 | |c 1987-08-04 | ||
| 300 | |a 5 | ||
| 490 | 0 | |a Délmagyarország |v 77 No. 182 | |
| 695 | |a zeneélet | ||